000
00530nam a2200133Ia 4500
008
100328s9999 xx 000 0 und d
082
_b
62920
100
_a
भिडे श्री.र.
245
_a
रामायण-महाभारतातील आत्महत्या.
260
_b
राजहंस.
630
_a
रामायण-महाभारतातील आत्महत्या.
730
_a
रामायण-महाभारतातील आत्महत्या.
942
_c
BOOK
999
_c
548850
_d
548847